Inquisición y censura (Record no. 168652)

MARC details
000 -LEADER
campo de control de longitud fija 00695nam a22002055i 4500
001 - NÚMERO DE CONTROL
campo de control 168652
003 - IDENTIFICADOR DE NÚMERO DE CONTROL
campo de control ES-MaACL
005 - FECHA Y HORA DE LA ÚLTIMA TRANSACCIÓN
campo de control 20230906213838.0
008 - DATOS DE LONGITUD FIJA--INFORMACIÓN GENERAL
campo de control de longitud fija 080429s2006 sp |||| | spa d
020 ## - NÚMERO INTERNACIONAL ESTÁNDAR DEL LIBRO
Número Internacional Estándar del Libro 84-9772-809-2
080 ## - NÚMERO DE LA CLASIFICACIÓN DECIMAL UNIVERSAL
Número de la Clasificación Decimal Universal 272(460)"17/18"
080 ## - NÚMERO DE LA CLASIFICACIÓN DECIMAL UNIVERSAL
Número de la Clasificación Decimal Universal 348.5(460)"17/18"
245 00 - MENCIÓN DEL TÍTULO
Título Inquisición y censura
Resto del título : el acoso a la inteligencia en España /
Mención de responsabilidad, etc. Enrique Gacto Fernández (editor).
260 ## - PUBLICACIÓN, DISTRIBUCIÓN, ETC.
Lugar de publicación, distribución, etc. Madrid :
Nombre del editor, distribuidor, etc. Dykinson,
Fecha de publicación, distribución, etc. [2006]
300 ## - DESCRIPCIÓN FÍSICA
Extensión 549 p. ;
Dimensiones 24 cm.
650 #4 - PUNTO DE ACCESO ADICIONAL DE MATERIA--TÉRMINO DE MATERIA
Término de materia o nombre geográfico como elemento de entrada Inquisición-
Subdivisión geográfica España-
Subdivisión de forma Historia.
9 (RLIN) 13799
650 #4 - PUNTO DE ACCESO ADICIONAL DE MATERIA--TÉRMINO DE MATERIA
Término de materia o nombre geográfico como elemento de entrada Censura eclesiástica-
Subdivisión geográfica España-
Subdivisión general Historia.
9 (RLIN) 137720
700 1# - ENTRADA AGREGADA--NOMBRE PERSONAL
Nombre de persona Gacto Fernández, Enrique.
9 (RLIN) 53179
852 ## - LOCALIZACIÓN
Ubicación ES-MaACL
Número de control de estantería L-29405
itemnumber R.142981
Holdings
Estatus retirado Estado de pérdida Estado de daño No para préstamo Biblioteca de origen Biblioteca actual Ubicación en estantería Fecha de adquisición Fuente de adquisición Total de préstamos Signatura topográfica completa Código de barras Visto por última vez Precio de reemplazo Tipo de ítem Koha
        Biblioteca del Ateneo de Madrid Biblioteca del Ateneo de Madrid Depósito 2 29/04/2008     L-29405 1176987 23/02/2023 23/02/2023 Libro impreso